000
00321nam a2200109Ia 4500
008
171211s9999 xx 000 0 und d
245
_a
Wizard How To Draw: Advanced Techniques
245
_c
Andrew Kardon and Mike Searle
260
_c
2006
650
_x
Drawing
856
_u
http://down.ebook777.com/005/978-0977861347.pdf
999
_c
348026
_d
348026